Obrábanie vonkajších a čelných zápichov na dielce hydraulických rozvodov na stroji SPT 16 NC : Diplomová práca

Salvato in:
Dettagli Bibliografici
Autore principale: Maro, Peter (Autore)
Altri autori: Drzeniecki, Henryk (xxx)
Natura: Manoscritto Libro
Lingua:slovacco
Pubblicazione: Trnava : SVŠT v Bratislave StF KOOSaM, 1990
Soggetti:
Tags: Aggiungi Tag
Nessun Tag, puoi essere il primo ad aggiungerne!!

MARC

LEADER 00000ntm a22000003a 4500
001 stu92642
005 20160719162619.1
008 050131s1990----cs------------------slo-d
040 |a STU  |b slo 
041 0 |a slo 
044 |a cs 
100 1 |a Maro, Peter  |4 aut 
245 1 |a Obrábanie vonkajších a čelných zápichov na dielce hydraulických rozvodov na stroji SPT 16 NC :  |b Diplomová práca 
260 |a Trnava :  |b SVŠT v Bratislave StF KOOSaM,  |c 1990 
300 |a 61 s  |c príl 
650 7 |a Strojárska technológia-obrábanie  |2 stusub 
700 1 |a Drzeniecki, Henryk  |4 xxx 
996 |b 284M043304  |c M*DP-2862  |l MMSKP  |s P  |a 0  |w stu92642_0001